zpět

Detail výsledku týmu

Rest.Art - Podolí, Praha

Datum a čas kvízu

14 Celkem bodů Celkový počet nahraných bodů na tomto kvízu bez doplňovacích otázek.
10. Pořadí na kvízu Konečné umístění týmu na tomto kvízu.

Zaznamenané odpovědi

# Otázka Odpověď Body Výsledky
1. Minulý týden se konala velmi k... zadek 0
2. Minulé pondělí byly oznámeny k... Moldavsko (Moldávie) 0
3. U příležitosti narozenin jedné... Marta Kubišová 1
4. Minulý týden jsme se dozvěděli... Allwyn 0
5. Nejvyšší česká fotbalová liga... FC Viktoria Plzeň, FK Pardubice 0.5
6. Wikipedii s nejvyšší pravděpod... z havajštiny 0
7. Fanoušci kvízu občas jistě se... D 1
8. Dobrým zdrojem informací jsou... Jsi chytřejší než páťák? 0
9. Mnemotechnické pomůcky se hodí... barvy duhy (pořadí) 0
10. Někdy však k úspěchu v kvízu s... 1A 2C 3D 4B 0